000 00566nam a2200241 a 4500
001 nice12345678
003 IN_TiNIC
005 20260116011757.0
008 050524s1979 newa grp 000 0 eng
020 _a
_c80
082 0 0 _a953.5
_bNAR
100 _aNarayan, B K
245 _aOman and Gulf Security
260 _aNew Delhi
_bLancers Book
_c1979
300 _a192p
500 _aincludes index and biblioraphy
505 2 _aAppendex, Index
650 _aYemen-History
700 1 _aNarayan, B K
902 _bSRS
942 _cBK
999 _c3887
_d3887